000 01101cam a2200349 a 4500
001 7250410
003 OSt
005 20210909105816.0
008 090311s2008 enkaf b 001 0 eng
020 _a9780195476422 (hbk.)
024 _a40016908457
035 _a(OCoLC)ocn317746823
035 _a(NNC)7250410
038 _akhadija
040 _aUKM
_cUKM
_dDKAGE
_dBWX
_dOCLCQ
041 1 _aeng
_hger
042 _aukblcatcopy
050 4 _aBP189
_b.F74 2008
082 0 4 _a294.4422
_222
_bFRE
100 1 _aFrembgen, Jürgen Wasim.
_982307
245 1 0 _aJourney to God :
_bSufis and Dervishes in Islam /
_cJurgen Wasim Frembgen ; translated from German by Jane Ripken.
260 _aOxford :
_bOxford University Press,
_c2008.
300 _aviii, 214 p., [16] p. of plates :
_bill. (some col.) ;
_c23 cm.
504 _aIncludes bibliographical references and index.
563 _ahardcover
650 0 _aSufism.
_96129
650 0 _aSpiritual life
_xSufism.
_982308
650 0 _aReligious life
_xSufism.
_982309
942 _2ddc
_cBK
948 1 _a20090825
_bc
_cks26
_dMPS
999 _c32311
_d32311